| 000 | 00573nam a2200205Ia 4500 | ||
|---|---|---|---|
| 003 | OSt | ||
| 005 | 20230516104940.0 | ||
| 008 | 210423s1990 xx 000 0 und d | ||
| 040 | _cAL | ||
| 041 | _aeng | ||
| 082 |
_a305.4 _223 _bSHAS |
||
| 100 |
_aSHARMA (Arvind);others _9104813 |
||
| 245 | _aState:historical and phenomenological essays | ||
| 260 |
_aNew Delhi _bOxford University Press _c1990 |
||
| 365 |
_b45 _cINR |
||
| 650 |
_aSociology _9104814 |
||
| 650 |
_aWomen Studies _9104815 |
||
| 906 | _aessays ; phenomenological ; State:historical | ||
| 942 |
_2ddc _cBK |
||
| 999 |
_c172151 _d172151 |
||